Metrologie hmotnosti : přesné vážení v laboratořích /

Určeno pracovníkům výkonné metrologie, opravářům laboratorních vah a pracovníkům chemických a fyzikálních laboratoří, kteří vykonávají přesná vážení ; je vhodnou pomůckou pro studenty vysokých a středních škol

Hlavní autor: Skákala, Jozef, 1928-
Další autoři: Silný, František, Sochor, Karel, 1903-1996
Jazyk: Čeština
Vydáno: Praha : Vydavatelství Úřadu pro normalizaci a měření, 1976
Vydání: 1. české vyd.
Edice: Metrologie
Témata:
Externí odkaz: Digitalizovaný dokument
Fyzický popis: 275 s., [2] s. obr. příl. il. ; 21 cm
Knihy
Uloženo v:
LEADER 01824nam a2200409 a 4500
001 000743375
003 CZ BrMZK
005 20220921060329.0
007 ta
008 041014s1976 xr af erf 001 0 cze d
015 |a cnb003449472 
040 |a BOA001  |b cze 
041 1 |a cze  |h slo 
072 7 |a 681  |x Přesná mechanika a přístroje. Hudební nástroje  |2 Konspekt  |9 19 
080 |a 681.261.2  |2 MRF 
080 |a (035)  |2 MRF 
100 1 |a Skákala, Jozef,  |d 1928-  |7 jx20050504019  |4 aut 
245 1 0 |a Metrologie hmotnosti :  |b přesné vážení v laboratořích /  |c Jozef Skákala, František Silný ; ze slovenského rukopisu přeložil Karel Sochor 
250 |a 1. české vyd. 
260 |a Praha :  |b Vydavatelství Úřadu pro normalizaci a měření,  |c 1976 
300 |a 275 s., [2] s. obr. příl.  |b il. ;  |c 21 cm 
490 1 |a Metrologie 
500 |a Na obálce uveden rok vydání 1975 
500 |a 4000 výt. 
504 |a Obsahuje bibliografie a rejstřík 
520 8 |a Určeno pracovníkům výkonné metrologie, opravářům laboratorních vah a pracovníkům chemických a fyzikálních laboratoří, kteří vykonávají přesná vážení ; je vhodnou pomůckou pro studenty vysokých a středních škol 
500 |a Dostupné též v digitální podobě v aplikaci Kramerius 
650 0 7 |a laboratorní váhy  |7 ph122169  |2 czenas 
655 7 |a příručky  |7 fd133209  |2 czenas 
700 1 |a Silný, František  |4 aut 
700 1 |a Sochor, Karel,  |d 1903-1996  |7 jk01120295  |4 trl 
830 0 |a Metrologie 
856 4 1 |u http://www.digitalniknihovna.cz/mzk/uuid/uuid:f38d4480-3a36-11ed-aab1-005056827e51  |y Digitalizovaný dokument  |x NDK 
910 |a BOA001  |b 2-1142.739 
990 |a BK 
991 |b 200501 
996 7 |b 2610236193  |c 2-1142.739  |l MZK  |r Sklad / do 1 hodiny  |n 5  |p dar  |w 000743375  |u 000010  |a 1  |e BOA001  |j MZK50  |s A